Statistics for Quadruple Fast Typing A to Z - 15 Second Sprint

Click here to take the quiz!

General Stats

  • This quiz has been taken 10,918 times
  • The average score is 47 of 104

Answer Stats

letter% Correct
a
100%
b
96%
c
95%
d
93%
e
93%
f
91%
g
91%
h
89%
i
88%
j
88%
k
87%
l
86%
m
85%
n
84%
o
84%
p
83%
q
82%
r
82%
s
82%
t
82%
u
81%
v
80%
w
79%
x
77%
y
76%
z
75%
A
73%
B
72%
C
71%
D
69%
E
69%
F
68%
G
67%
H
65%
I
64%
J
63%
K
62%
L
60%
M
59%
N
57%
O
57%
P
56%
Q
53%
R
52%
S
51%
T
50%
U
49%
V
48%
W
46%
X
45%
Y
43%
Z
42%
A
41%
B
39%
C
38%
D
37%
E
37%
F
36%
G
35%
H
34%
I
32%
J
31%
K
30%
L
30%
M
29%
N
27%
O
27%
P
26%
Q
25%
R
24%
S
23%
T
23%
U
22%
V
21%
W
20%
X
19%
Y
18%
A
17%
Z
17%
B
16%
C
16%
D
15%
E
15%
F
13%
G
12%
H
11%
I
11%
J
11%
K
10%
L
9%
M
9%
N
9%
O
8%
P
8%
Q
8%
R
8%
S
7%
T
7%
U
6%
V
6%
W
6%
X
5%
Y
5%
Z
5%

Score Distribution

Percentile by Number Answered

Percent of People with Each Score

Your Score History

You have not taken this quiz